Engineering Mechanics: Volume II Dynamics (Record no. 4296)

MARC details
005 - DATE AND TIME OF LATEST TRANSACTION
control field 20250618125013.0
082 ## - DEWEY DECIMAL CLASSIFICATION NUMBER
Classification number LM 620.104 WIR
100 ## - MAIN ENTRY--PERSONAL NAME
Author name WIRSCHING, P. H.
245 ## - TITLE STATEMENT
Title Engineering Mechanics: Volume II Dynamics
260 ## - PUBLICATION, DISTRIBUTION, ETC.
Place of publication, distribution, etc. Boston,
Name of publisher, distributor, etc. Allyn and Bacon,
Date of publication, distribution, etc. 1965.
300 ## - PHYSICAL DESCRIPTION
Extent ix, 356p.: ill.; figure, table.
Other physical details Index.
Dimensions 24cm.
700 ## - ADDED ENTRY--PERSONAL NAME
Other authors/Editors MURDOCK, J. W.
942 ## - ADDED ENTRY ELEMENTS (KOHA)
Source of classification or shelving scheme Dewey Decimal Classification
Koha item type Books
Holdings
Date last seen Total checkouts Full call number Barcode Cost, replacement price Price effective from Koha item type Lost status Source of classification or shelving scheme Damaged status Not for loan Withdrawn status Home library Current library Shelving location Date acquired Cost, normal purchase price
06/18/2025   LM 620.104 WIR 00000010946 30000.00 06/18/2025 Books   Dewey Decimal Classification       College of Business Education Main Library College of Business Education Main Library General Collection 01/28/1997 10000.00